000 02096nam0a2200373 i 4500
001 RU\NLR\BIBL_A\010951221
005 20260407101959.0
010 _a9785851082818
_9100
021 _aRU
_b2015-98528
_96130
035 _a(NILC)RuMoRGB-008101561
035 _a(NLR Aleph) 010951221
090 _a10779865
_c10779865
100 _a20160114d2015 km y0rusy50 ca
101 0 _arus
102 _aRU
105 _aa|||z|||000yy
200 1 _aНациональная идентичность в северокавказском обществе: поиски путей укрепления
_e[коллективная монография
_fО. Н. Астафьева, З. А. Жаде, О. Н. Дамениа и др.]
_gпод общ. ред. А. Ю. Шадже, Е. С. Куквы
_gМ-во образования и науки Российской Федерации, Адыгейский гос. ун-т, Российское философское о-во
210 _aМосква
_aМайкоп
_cАГУ
_d2015
215 _a191 с.
_cил.
_d21
300 _aАвт. указаны в содерж.
320 _aБиблиогр. в подстроч. примеч.
606 1 _aНациональная идентичность
_yКавказ Северный
_92272036
_3RU\NLR\AUTH\6601590659
675 _a316
686 1 _aТ3(2Р37)0-7
701 1 _8rus
_7ca
_aАстафьева
_bО. Н.
_cд-р филос. наук
_gОльга Николаевна
_3RU\NLR\AUTH\77118704
_9101629
701 1 _8rus
_7ca
_aЖаде
_bЗ. А.
_f1967-
_gЗуриет Анзауровна
_3RU\NLR\AUTH\7770752
_953680
701 1 _8rus
_7ca
_aДамениа
_bО. Н.
_f1937-
_gОлег Несторович
_3RU\NLR\AUTH\77106432
_989357
702 1 _aШадже
_bА. Ю.
_f1952-
_gАсиет Юсуфовна
_4340
712 0 2 _4570
_aАдыгейский государственный университет
_cМайкоп
_3RU\NLR\AUTH\889929825
_9355230
801 0 _aRU
_bРГБ
_c20151222
_gRCR
942 _cBOOK
980 _aNBR